|
|
|
|
| LEADER |
00703nam a2200205 a 4500 |
| 001 |
c000261293 |
| 003 |
CARM |
| 005 |
20070525101909.0 |
| 008 |
770608s1966 enk 000 1 eng d |
| 019 |
1 |
|
|a 50070697
|5 LACONCORD2021
|
| 020 |
|
|
|a 0330201344
|
| 035 |
|
|
|a (OCoLC)8218219
|5 LACONCORD2021
|
| 040 |
|
|
|a VCAV
|b eng
|c VCAV
|
| 100 |
1 |
|
|a Irwin, Margaret.
|
| 245 |
1 |
4 |
|a The proud servant /
|c Margaret Irwin.
|
| 260 |
|
|
|a London :
|b Pan Books,
|c 1966.
|
| 300 |
|
|
|a 428 p.
|
| 852 |
8 |
|
|b CARM
|h A1:AO15A0
|i A04343
|p 0374164
|f BK
|
| 999 |
f |
f |
|i 63368fd6-b0fd-5cba-a6f1-73b6b314afcf
|s 1fc360a3-a8bc-5fb2-b695-58afcd23edb9
|
| 952 |
f |
f |
|p Can circulate
|a CAVAL
|b CAVAL
|c CAVAL
|d CARM 1 Store
|e A04343
|f A1:AO15A0
|h Other scheme
|i book
|m 0374164
|